| 000 | 00951nam a22002293a 4500 | ||
|---|---|---|---|
| 005 | 20051014160153.0 | ||
| 008 | 050725t20052003nyu 000 1 eng d | ||
| 010 | _aENG-92451 | ||
| 020 |
_c180.00 _a9788190715386 |
||
| 035 | _aEN-75984 | ||
| 037 | _bDBAD / PUB | ||
| 040 |
_adpl _bEnglish |
||
| 082 | _a660 | ||
| 100 | _aRavikrishnan, A. | ||
| 245 |
_aEngineering chemistry-1: _cby A. Ravikrishnan _b(for I semester B.E. / B. Tech. students) as per the revised Anna University syllabus and question pattern from 2008-2009 / |
||
| 260 |
_aVandavasi _bThiruvalluvar Pubilcations _c2008 |
||
| 270 |
_aThiruvalluvar College of Engineering and Technology, _bVandavasi _e604505 |
||
| 300 |
_aVarious pagings _c21 cm (pbk) |
||
| 650 | _aChemical Engineering | ||
| 942 |
_2ddc _cEN _mRAV _h660 |
||
| 999 |
_c20836 _d20836 |
||